Регионална библиотека "Любен Каравелов" - Русе

Goethes Faust in ursprunglicher Gestalt (Запис номер 343541)

MARC детайли
000 -Лидер
Контролно поле с фиксирана дължина 01185nam a2200337 c 4500
003 - Код на организацията, давaща контролен номер
Контролно поле BLK
005 - Дата и час на последна редакция
Контролно поле 20200423103710.0
008 - Елементи от данни с фиксирана дължина
fixed length control field 180911b bul|||||r ||||||| ||bul||
010 ## - Наследен системен номер
LC control number 003202
040 ## - Източник на каталожния запис
Идентификатор на билиотеката - собственик на записа BLK
041 ## - Код за език
Код за езика на текст/звукозапис или на отделно заглавие Немски
Код за езика КДБФ Български
080 ## - УДК
УДК - код + определител 830-12.09830-12
100 1# - Редна дума - Автор
Автор GOETHE, Johan
Авторска отговорност първи автор
R(LIN) 11350
245 00 - Сведения за заглавието
Заглавие Goethes Faust in ursprunglicher Gestalt
246 ## - Различни форми на заглавието
Наименование на поредна част от произведението драма-трагедии
250 ## - Област на изданието
Сведения за изданието 5. Abdr
260 ## - Област на издателските данни
Място на издаване, разпространение и проч. Weimar
Име на издателя, разпространителя и проч. Hermann Bohlaus
Година на издаване 1901
300 ## - Физическа характеристика
Страници LXXVIII, 89 с
Размери/Мащаб 20 см
380 ## - Жанр
Жанр Литературознание
490 ## - СЕРИИ (Колекции)
Име на серия Частна колекция - Академик Михаил Арнаудов
Бележки за серията Дарение - Основен фонд
500 ## - Общи забележки
Забележка Бележки и подчертавания в текста на коментарите към произведението; Михаил Арнаудов - подпис;
653 ## - Ключова дума – ненормативна
Ключова дума драма
653 ## - Ключова дума – ненормативна
Ключова дума трагедии
655 ## - Ключова дума – жанр/разновидност
Данни за жанр/разновидност или ключова дума за фокус Литературознание
700 1# - Други автори (авторска отговорност)
Лично име Johan Goethe
9 (RLIN) 397520
700 1# - Други автори (авторска отговорност)
Лично име Hrsg. von Erich Schmidt
9 (RLIN) 397521
852 ## - Местоположение
Форматна сигнатура МА 822
Фондова буква Фонд "Михаил Арнаудов"
999 ## - СИСТЕМНИ КОНТРОЛНИ НОМЕРА
Koha biblionumber 343541
Koha biblioitemnumber 343541
942 ## - АРТИКУЛИ
Вид на библиотечния материал Книги
Скрит в OPAC Не
Периодичен библиозапис Да
944 ## - СЪЗДАВАНЕ И РЕДАКЦИЯ на ЗАПИСА
Създаване/Редакция Създаване
Дата на регистрацията/редакция 1996
Служител, извършил регистрацията/редакцията ValK
999 ## - СИСТЕМНИ КОНТРОЛНИ НОМЕРА
Koha biblioitemnumber 343541
999 ## - СИСТЕМНИ КОНТРОЛНИ НОМЕРА
Koha biblioitemnumber 343541
Наличности
Код за отписване Код за изгубен артикул Източник на класификационната схема Код за повреда Коз за рестрикции Код за отдаване Артикулен № Име на библиотеката - собственик Име на библиотеката, в която се намира в момента Статус (Текущо местоположение) Местоположение - отдел Цена в лева Номерация (Хронология) Инвентарен номер Систематично азбучна сигнатура Баркод Номер на екземпляра Цена в евро Служебен тип на артикула
  Не е изгубен Universal Decimal Classification Не е повреден само за читалня Специални фондове ( старопечатни, редки и ценни, фонд М. Арнаудов) 743780 Регионална библиотека "Любен Каравелов" Русе Регионална библиотека "Любен Каравелов" Русе Фонд "Михаил Арнаудов" Фонд "Михаил Арнаудов" 10.00   587594 МА 822 120000587594 1 5.11 Книги
Vip Innovations Ltd, Rousse, Bulgaria 2025